[Event "OGD Prinsenstad-toernooi - B groep"]
[Site "Delft"]
[Date "2009.01.03"]
[Round "3.1"]
[White "Merza, Morris"]
[Black "Faber, Jort"]
[Result "1-0"]
[WhiteElo "1989"]
[BlackElo "1764"]
[PlyCount "33"]
[EventDate "2009.01.02"]
[EventType "swiss"]
[EventRounds "6"]
[EventCountry "NED"]
[Source "DSC"]
[SourceDate "2009.01.02"]

1. e4 d5 2. exd5 Nf6 3. d4 Bg4 4. Be2 Bxe2 5. Qxe2 Qxd5 6. Nf3 Nc6 7. c4 Qh5 8.
Nc3 g6 9. Nb5 O-O-O 10. d5 a6 11. dxc6 axb5 12. cxb7+ Kxb7 13. O-O e6 14. Bg5
Be7 15. Qe5 Ng4 16. Qxb5+ Kc8 17. Bxe7 1-0

[Event "OGD Prinsenstad-toernooi - B groep"]
[Site "Delft"]
[Date "2009.01.03"]
[Round "3.2"]
[White "Bons, Maurits"]
[Black "Van den Berg, Bastiaan"]
[Result "0-1"]
[WhiteElo "1950"]
[BlackElo "1803"]
[PlyCount "73"]
[EventDate "2009.01.02"]
[EventType "swiss"]
[EventRounds "6"]
[EventCountry "NED"]
[Source "DSC"]
[SourceDate "2009.01.02"]

1. e4 c6 2. Nf3 d5 3. Nc3 Bg4 4. h3 Bh5 5. g4 Bg6 6. exd5 cxd5 7. Bb5+ Nc6 8.
Ne5 Qd6 9. d4 f6 10. Nxg6 hxg6 11. Qf3 O-O-O 12. Be3 e5 13. Bxc6 Qxc6 14. dxe5
d4 15. Qxc6+ bxc6 16. Bd2 dxc3 17. Bxc3 fxe5 18. Bxe5 Re8 19. f4 Bd6 20. O-O-O
Bxe5 21. fxe5 Re6 22. c4 Ne7 23. Rde1 Rf8 24. Re3 Rf4 25. b3 c5 26. Rd1 Kc7 27.
Rd5 Nxd5 28. cxd5 Ra6 29. d6+ Kd8 30. a4 c4 31. Kc2 cxb3+ 32. Rxb3 Rf2+ 33. Kd3
Rf3+ 34. Kc2 Rxb3 35. Kxb3 Rc6 36. Kb4 Kd7 37. Kb5 0-1

[Event "OGD Prinsenstad-toernooi - B groep"]
[Site "Delft"]
[Date "2009.01.03"]
[Round "3.3"]
[White "Van der Auweraert, Elwin"]
[Black "Bodaan, Ton"]
[Result "1/2-1/2"]
[WhiteElo "1852"]
[BlackElo "1857"]
[PlyCount "93"]
[EventDate "2009.01.02"]
[EventType "swiss"]
[EventRounds "6"]
[EventCountry "NED"]
[Source "DSC"]
[SourceDate "2009.01.02"]

1. e4 c5 2. Nf3 Nc6 3. d4 cxd4 4. Nxd4 Nf6 5. Nc3 e6 6. a3 d6 7. Be3 Be7 8. Be2
O-O 9. O-O a6 10. f4 Qc7 11. Qe1 Rb8 12. Qg3 e5 13. fxe5 Nxe5 14. Nf5 Bxf5 15.
exf5 Kh8 16. Qf2 Rfe8 17. Bb6 Qc6 18. h3 Bd8 19. Ba7 b5 20. Bf3 Nxf3+ 21. Qxf3
Bb6+ 22. Bxb6 Qxb6+ 23. Kh1 Re3 24. Qf4 Rbe8 25. Rad1 Nh5 26. Qxd6 Qxd6 27.
Rxd6 Ng3+ 28. Kg1 Nxf1 29. Kxf1 h5 30. Rxa6 R3e5 31. f6 Rf5+ 32. Kg1 h4 33.
fxg7+ Kxg7 34. g4 hxg3 35. Kg2 Re3 36. Nd1 Re1 37. Nc3 Rf2+ 38. Kxg3 Rxc2 39.
Nxb5 Rxb2 40. Nd6 Rb3+ 41. Kg4 Re6 42. Nf5+ Kf6 43. Ra4 Rb1 44. Rf4 Ke5 45. Ne3
Rg6+ 46. Kf3 Rb3 47. Rxf7 1/2-1/2

[Event "OGD Prinsenstad-toernooi - B groep"]
[Site "Delft"]
[Date "2009.01.03"]
[Round "3.21"]
[White "Beijen, Mark"]
[Black "Quitens, Laurens"]
[Result "0-1"]
[WhiteElo "1616"]
[BlackElo "1667"]
[Annotator "Prinsenstad-toernooi"]
[PlyCount "37"]
[EventDate "2009.01.02"]
[EventType "swiss"]
[EventRounds "6"]
[EventCountry "NED"]
[Source "DSC"]
[SourceDate "2009.01.02"]

1. d4 Nf6 2. c4 g6 3. Nf3 Bg7 4. Nc3 d5 5. cxd5 Nxd5 6. e4 Nxc3 7. bxc3 O-O 8.
Be3 c5 9. Qd2 Qa5 10. Rc1 Rd8 11. Bh6 Nc6 12. d5 Bg4 13. Bxg7 Kxg7 14. Qd3 Bxf3
15. Qxf3 Qxa2 16. Qe3 Ne5 17. Qxc5 Qb2 18. Qe3 Ng4 19. Qf4 (19. Qf4 Nxf2 $1 20.
Qxf2 (20. Rg1 Nxe4 21. Bd3 Nc5 $19) 20... Qxc1+ 21. Ke2 $19) 0-1

[Event "OGD Prinsenstad-toernooi - B groep"]
[Site "Delft"]
[Date "2009.01.03"]
[Round "4.1"]
[White "Van der Berg, Bas"]
[Black "Merza, Morris"]
[Result "1/2-1/2"]
[WhiteElo "1950"]
[BlackElo "1989"]
[PlyCount "42"]
[EventDate "2009.01.02"]
[EventType "swiss"]
[EventRounds "6"]
[EventCountry "NED"]
[Source "DSC"]
[SourceDate "2009.01.02"]

1. d4 d5 2. Nf3 Nf6 3. c4 c6 4. e3 g6 5. Bd3 Bg7 6. O-O O-O 7. b3 Nbd7 8. Bb2
Ne4 9. Bxe4 dxe4 10. Ng5 Nf6 11. Nd2 Bf5 12. Qc2 Qd6 13. Ndxe4 Nxe4 14. Nxe4
Qe6 15. f3 h5 16. Rad1 Rfd8 17. Qf2 Bh6 18. Rde1 b6 19. Qh4 f6 20. Bc1 Bxe4 21.
fxe4 Bg5 1/2-1/2

[Event "OGD Prinsenstad-toernooi - B groep"]
[Site "Delft"]
[Date "2009.01.03"]
[Round "4.2"]
[White "Van Mierlo, Guido"]
[Black "Van der Auweraert, Elwin"]
[Result "1/2-1/2"]
[WhiteElo "1876"]
[BlackElo "1852"]
[Annotator "Prinsenstad-toernooi"]
[PlyCount "106"]
[EventDate "2009.01.02"]
[EventType "swiss"]
[EventRounds "6"]
[EventCountry "NED"]
[Source "DSC"]
[SourceDate "2009.01.02"]

1. e4 c5 2. c3 d5 3. exd5 Qxd5 4. Nf3 Bg4 5. Be2 Nf6 6. d4 cxd4 7. cxd4 Nc6 8.
Nc3 Qd8 9. Be3 e6 10. O-O Be7 11. Qb3 Na5 12. Qa4+ Nd7 13. Ne5 Bxe2 14. Nxe2 a6
15. Bd2 Nc6 16. Nxc6 bxc6 17. Qxc6 O-O 18. Rac1 Ra7 19. Be3 Nb8 20. Qc4 Rb7 21.
Rc2 Bd6 22. Rfc1 Rb4 23. Qd3 Qd7 24. Ng3 f5 25. f4 Qa4 26. b3 Qd7 27. Ne2 Rb7
28. Qc4 Rc7 29. Qd3 Rb7 30. Rc4 Rd8 31. Bd2 Rc7 32. Ba5 Rxc4 33. Qxc4 Re8 34.
Bb4 Bxb4 35. Qxb4 Rc8 36. Rxc8+ Qxc8 37. Qc4 Qd7 38. Nc3 Nc6 39. d5 $138 Nd8
40. dxe6 Nxe6 41. Qd5 Qa7+ 42. Kf1 Qf7 43. Qa8+ Nf8 44. Qxa6 Kh8 45. Qc4 Qa7
46. Qc8 Qa3 47. Nb1 Qd6 48. Qc1 Qd3+ 49. Kg1 h6 50. h3 Ng6 51. Qf1 Qd4+ 52. Qf2
Qd1+ 53. Qf1 Qd4+ {(=)} 1/2-1/2

[Event "OGD Prinsenstad-toernooi - B groep"]
[Site "Delft"]
[Date "2009.01.03"]
[Round "4.3"]
[White "Den Boer, Lennard"]
[Black "Den Broeder, Leno"]
[Result "1-0"]
[WhiteElo "1865"]
[BlackElo "1774"]
[Annotator "Prinsenstad-toernooi"]
[PlyCount "99"]
[EventDate "2009.01.02"]
[EventType "swiss"]
[EventRounds "6"]
[EventCountry "NED"]
[Source "DSC"]
[SourceDate "2009.01.02"]

1. e4 c5 2. Nf3 d6 3. c3 Nc6 4. d4 cxd4 5. cxd4 Nf6 6. Nc3 e6 7. Bd3 Be7 8. O-O
O-O 9. a3 Qb6 10. Be3 Ng4 11. Na4 Qc7 12. Bf4 e5 13. Be3 exd4 14. Bxd4 Nxd4 15.
Nxd4 d5 16. Nf3 dxe4 17. Bxe4 Nf6 18. Nc3 Bg4 19. h3 Rad8 20. Qe2 Be6 21. Rfe1
h6 22. Rac1 Bc4 23. Bh7+ Kxh7 24. Qxe7 Qxe7 25. Rxe7 Rd7 26. Rce1 Be6 27. Rxd7
Nxd7 {(=)} 28. Nd4 Bc4 29. Re7 Rd8 30. b3 Bd3 31. Rxf7 Ne5 32. Rxg7+ Kh8 33.
Re7 Ng6 34. Ne6 Rd6 35. Re8+ Kh7 36. Nf8+ Nxf8 37. Rxf8 Rd7 38. Ra8 a6 39. Na4
Rg7 40. Nc5 Bb5 41. f3 Bc6 42. Kf2 Bd5 43. b4 b6 44. Rd8 Bc4 45. Ne4 a5 46. Rd6
axb4 47. axb4 b5 48. Nf6+ Kh8 49. Rd8+ Bg8 50. Rxg8+ 1-0

[Event "OGD Prinsenstad-toernooi - B groep"]
[Site "Delft"]
[Date "2009.01.03"]
[Round "4.5"]
[White "Van der Lee, Rob"]
[Black "Anink, Marco"]
[Result "0-1"]
[WhiteElo "1759"]
[BlackElo "1840"]
[PlyCount "67"]
[EventDate "2009.01.02"]
[EventType "swiss"]
[EventRounds "6"]
[EventCountry "NED"]
[Source "DSC"]
[SourceDate "2009.01.02"]

1. d4 Nc6 2. c4 e5 3. d5 Nce7 4. Nc3 Ng6 5. e4 Bc5 6. Na4 Bb4+ 7. Bd2 Bxd2+ 8.
Qxd2 Nf6 9. f3 d6 10. g3 a5 11. Rc1 b6 12. Nc3 h5 13. h4 Nd7 14. Nh3 Nc5 15.
Nf2 Qf6 16. Be2 Nf8 17. Qg5 Rh6 18. Qxf6 Rxf6 19. g4 Ng6 20. gxh5 Nf4 21. Rg1
Nxh5 22. Ng4 Rg6 23. Kd2 Bd7 24. Nf2 Rxg1 25. Rxg1 g6 26. Bf1 O-O-O 27. Nh3
Bxh3 28. Bxh3+ Kb7 29. Bg4 Nf6 30. a3 Nb3+ 31. Kd3 Rh8 32. Rh1 Nh5 33. Ne2 Ka6
34. Bd7 0-1

[Event "OGD Prinsenstad-toernooi - B groep"]
[Site "Delft"]
[Date "2009.01.04"]
[Round "5.1"]
[White "Merza, Morris"]
[Black "Den Boer, Lennard"]
[Result "1-0"]
[WhiteElo "1989"]
[BlackElo "1865"]
[Annotator "Prinsenstad-toernooi"]
[PlyCount "37"]
[EventDate "2009.01.02"]
[EventType "swiss"]
[EventRounds "6"]
[EventCountry "NED"]
[Source "DSC"]
[SourceDate "2009.01.02"]

1. e4 e6 2. d4 d5 3. Nc3 Bb4 4. e5 c5 5. a3 Bxc3+ 6. bxc3 Ne7 7. Qg4 Nbc6 8.
Qxg7 Rg8 9. Qxh7 cxd4 10. Nf3 Qa5 11. Rb1 a6 12. Bd3 Qxc3+ 13. Bd2 Qxa3 14. O-O
b5 15. Ng5 Rf8 16. Qg7 Bb7 17. Nh7 Ng6 18. Bxg6 fxg6 {Diagram #} 19. Bb4 $1 (
19. Bb4 Nxb4 20. Qxf8+ Kd7 $18) 1-0

[Event "OGD Prinsenstad-toernooi - B groep"]
[Site "Delft"]
[Date "2009.01.04"]
[Round "5.3"]
[White "Van der Auweraert, Elwin"]
[Black "Anink, Marco"]
[Result "1-0"]
[WhiteElo "1852"]
[BlackElo "1840"]
[PlyCount "61"]
[EventDate "2009.01.02"]
[EventType "swiss"]
[EventRounds "6"]
[EventCountry "NED"]
[Source "DSC"]
[SourceDate "2009.01.02"]

1. e4 c6 2. d4 d5 3. Nc3 dxe4 4. Nxe4 Nf6 5. Ng3 Qc7 6. Nf3 Bg4 7. Be2 Nbd7 8.
Be3 h6 9. Qd2 O-O-O 10. O-O-O Nd5 11. c4 Nxe3 12. fxe3 e6 13. Ne1 Bxe2 14. Nxe2
c5 15. Kb1 Kb8 16. Rc1 g6 17. Rf1 Rh7 18. h3 Ne5 19. Qc3 Nc6 20. Nd3 b6 21.
dxc5 bxc5 22. Qa3 Ka8 23. Rfd1 Bd6 24. Nc3 f5 25. Nb5 Qb6 26. Nxd6 Rxd6 27.
Nxc5 Ne5 28. Na4 Qc6 29. Qxd6 Qe4+ 30. Ka1 Rd7 31. Qf8+ 1-0

[Event "OGD Prinsenstad-toernooi - B groep"]
[Site "Delft"]
[Date "2009.01.04"]
[Round "5.9"]
[White "Pronk, Rik"]
[Black "Moerkerken, Remko"]
[Result "0-1"]
[WhiteElo "1899"]
[BlackElo "1893"]
[Annotator "Prinsenstad-toernooi"]
[PlyCount "30"]
[EventDate "2009.01.02"]
[EventType "swiss"]
[EventRounds "6"]
[EventCountry "NED"]
[Source "DSC"]
[SourceDate "2009.01.02"]

1. e4 e5 2. Nf3 Nc6 3. Bb5 f5 4. d3 Nf6 5. Nc3 Bb4 6. Bd2 d6 7. Qe2 O-O 8.
O-O-O f4 9. h3 Kh8 10. g3 fxg3 11. fxg3 Nh5 12. Rdg1 Qf6 13. Nd5 $2 Qxf3 14.
Rf1 Nd4 $1 15. Qe1 $2 (15. Qg2 Bxd2+ 16. Kb1 Bg4 17. Rxf3 Bxf3 $19) 15... Bxd2+
(15... Bxd2+ 16. Kxd2 (16. Qxd2 Qxf1+ 17. Rxf1 Rxf1+ 18. Qd1 Rxd1+ 19. Kxd1 $19
) 16... Qg2+ $19) 0-1

[Event "OGD Prinsenstad-toernooi - B groep"]
[Site "Delft"]
[Date "2009.01.04"]
[Round "5.16"]
[White "Van Soest, Roland"]
[Black "Gieben, Stijn"]
[Result "1-0"]
[WhiteElo "1754"]
[BlackElo "1771"]
[Annotator "Prinsenstad-toernooi"]
[PlyCount "45"]
[EventDate "2009.01.02"]
[EventType "swiss"]
[EventRounds "6"]
[EventCountry "NED"]
[Source "DSC"]
[SourceDate "2009.01.02"]

1. e4 d6 2. d4 Nf6 3. Nc3 g6 4. Bg5 Bg7 5. Be2 O-O 6. Qd2 Nbd7 7. h4 a6 8. h5
b5 9. a3 c5 10. hxg6 fxg6 11. Bf3 e5 12. dxe5 dxe5 13. Nd5 Bb7 14. b3 Nb6 15.
O-O-O Nbxd5 16. exd5 e4 17. Bg4 c4 18. Be6+ Kh8 19. Ne2 cxb3 20. Bxf6 Qxf6 $4 (
20... Bxf6 21. Qh6 Qc7 22. Rd2 Qg7 $17) 21. Rxh7+ Kxh7 22. Rh1+ Bh6 23. Qxh6#
1-0

[Event "OGD Prinsenstad-toernooi - B groep"]
[Site "Delft"]
[Date "2009.01.04"]
[Round "5.21"]
[White "Hofstee, Piet"]
[Black "Theyn, Dave"]
[Result "1-0"]
[WhiteElo "1680"]
[BlackElo "1840"]
[Annotator "Prinsenstad-toernooi"]
[PlyCount "70"]
[EventDate "2009.01.02"]
[EventType "swiss"]
[EventRounds "6"]
[EventCountry "NED"]
[Source "DSC"]
[SourceDate "2009.01.02"]

1. c4 e5 2. Nf3 Nc6 3. d3 Nf6 4. Nc3 Bb4 5. Bd2 O-O 6. a3 Bxc3 7. Bxc3 d6 8. g3
h6 9. Bg2 Be6 10. O-O Re8 11. b4 Qd7 12. b5 Ne7 13. Re1 Ng6 14. Nd2 d5 15. a4
Rad8 16. Bb4 c5 17. Bxc5 dxc4 18. Nxc4 Bxc4 19. dxc4 Qc7 20. Qxd8 $6 {
Zeer dubieus, maar intressant...} Rxd8 21. Bxa7 b6 (21... Qxc4 {
is veiliger: wit krijgt nu geen vrijpionnen.}) 22. Bxb6 $1 {Wit gaat ervoor.}
Qxb6 23. a5 Qc5 24. b6 e4 25. Reb1 Ng4 26. e3 Nxf2 $5 {
Zwart geeft een stuk terug, en krijgt daarvoor het initiatief.} 27. Kxf2 Rd2+
28. Kg1 Qxe3+ 29. Kh1 Qf2 (29... Qe2 30. Rg1 Ne5 31. b7 Nc6 32. a6 Ra2 33. Rae1
Qf2 34. Rxe4 $13) 30. Rg1 Ne5 31. a6 Qxb6 32. a7 Ng4 $4 (32... Rd8) 33. a8=Q+
Rd8 34. Bxe4 $1 g6 35. Qxd8+ Qxd8 (35... Qxd8 36. Ra8) 1-0

[Event "OGD Prinsenstad-toernooi - B groep"]
[Site "Delft"]
[Date "2009.01.04"]
[Round "6.1"]
[White "Bodaan, Ton"]
[Black "Merza, Morris"]
[Result "1/2-1/2"]
[WhiteElo "1857"]
[BlackElo "1989"]
[Annotator "Prinsenstad-toernooi"]
[PlyCount "60"]
[EventDate "2009.01.02"]
[EventType "swiss"]
[EventRounds "6"]
[EventCountry "NED"]
[Source "DSC"]
[SourceDate "2009.01.02"]

1. c4 Nf6 2. Nc3 c6 3. Nf3 d5 4. d4 dxc4 5. e3 b5 6. a4 b4 7. Nb1 e6 8. Bxc4 a5
9. O-O Be7 10. Qe2 O-O 11. e4 Ba6 12. Bxa6 Nxa6 13. Nbd2 c5 14. e5 Nd5 15. Ne4
Qb6 16. dxc5 Nxc5 17. Be3 Qa6 18. Qxa6 Nxa6 19. Bg5 {(=)} f6 20. Bh4 Kf7 21.
exf6 gxf6 22. Bg3 Rac8 23. Rac1 e5 24. Nh4 Ke6 25. f4 f5 26. Ng5+ Bxg5 27. fxg5
f4 28. Bf2 Rg8 29. Nf3 Nb8 30. Rce1 Nc6 {(=)} 1/2-1/2

[Event "OGD Prinsenstad-toernooi - B groep"]
[Site "Delft"]
[Date "2009.01.04"]
[Round "6.3"]
[White "Van Mierlo, Guido"]
[Black "Beeren, Thom"]
[Result "1/2-1/2"]
[WhiteElo "1876"]
[BlackElo "1739"]
[Annotator "Prinsenstad-toernooi"]
[PlyCount "108"]
[EventDate "2009.01.02"]
[EventType "swiss"]
[EventRounds "6"]
[EventCountry "NED"]
[Source "DSC"]
[SourceDate "2009.01.02"]

1. e4 e5 2. Bc4 Bc5 3. Nf3 Nc6 4. c3 Nf6 5. d4 exd4 6. cxd4 Bb4+ 7. Bd2 Bxd2+
8. Nbxd2 d5 9. exd5 Nxd5 10. Qb3 Na5 11. Qa4+ Nc6 12. Qb3 Na5 13. Qa4+ Nc6 14.
O-O O-O 15. Qc2 Be6 16. a3 h6 17. Rac1 Nce7 18. Ne4 c6 19. Nc5 Bf5 20. Bd3 Bxd3
21. Qxd3 Qc7 22. b4 Nf4 23. Qc4 Nf5 24. g3 Ne6 25. Rfe1 Nxc5 26. Qxc5 Qb6 27.
Ne5 Rad8 28. Nc4 Qxc5 29. dxc5 Rd7 30. Rc2 Rfd8 31. Rce2 Nd4 32. Re7 Nb5 33. a4
Nd4 34. Rxd7 Rxd7 {(=)} 35. Re8+ Kh7 36. Nd6 Nc2 37. Re4 b6 38. Rc4 Nxb4 39.
cxb6 axb6 40. Rxb4 Rxd6 41. Rxb6 Rd4 42. a5 Ra4 43. a6 c5 {(=)} 44. Kf1 Ra2 45.
Rc6 c4 46. Rc7 Rxa6 47. Rxf7 Rc6 48. Ke2 Kg6 49. Rf4 c3 50. Kd1 c2+ 51. Kc1 Kg5
52. Rd4 Rc7 53. h3 Kf5 54. Ra4 Ke5 1/2-1/2

[Event "OGD Prinsenstad-toernooi - B groep"]
[Site "Delft"]
[Date "2009.01.04"]
[Round "6.9"]
[White "Anink, Marco"]
[Black "Van der Auweraert, Jasper"]
[Result "1-0"]
[WhiteElo "1840"]
[BlackElo "1598"]
[PlyCount "43"]
[EventDate "2009.01.02"]
[EventType "swiss"]
[EventRounds "6"]
[EventCountry "NED"]
[Source "DSC"]
[SourceDate "2009.01.02"]

1. d4 Nf6 2. c4 c5 3. d5 b5 4. cxb5 a6 5. bxa6 Bxa6 6. g3 d6 7. b3 g6 8. Bb2
Bg7 9. Bg2 O-O 10. Nh3 Nbd7 11. O-O Qb6 12. Bc3 Ng4 13. Bxg7 Kxg7 14. Qd2 Rfb8
15. Rc1 Qb4 16. e3 c4 17. bxc4 Bxc4 18. Qd4+ Nge5 19. f4 Rxa2 20. fxe5 dxe5 21.
Qc3 Qxc3 22. Nxc3 1-0

[Event "OGD Prinsenstad-toernooi - C groep"]
[Site "Delft"]
[Date "2009.01.02"]
[Round "1.1"]
[White "Van der Meiden, Geurt Jan"]
[Black "Wijshoff, Kasper"]
[Result "1-0"]
[WhiteElo "1687"]
[BlackElo "1530"]
[Annotator "Prinsenstad-toernooi"]
[PlyCount "59"]
[EventDate "2009.01.02"]
[EventType "swiss"]
[EventRounds "6"]
[EventCountry "NED"]
[Source "DSC"]
[SourceDate "2009.01.02"]

1. Nf3 d5 2. c4 Nf6 3. cxd5 Nxd5 4. Nc3 Nc6 5. Qb3 e6 6. e4 Ndb4 7. d4 Nxd4 8.
Nxd4 Qxd4 9. Be3 Qd8 10. Rd1 Qe7 11. a3 Nc6 12. Bb5 Bd7 13. O-O b6 $4 (13... a6
14. Bd3 O-O-O $15) 14. Rxd7 $1 Qxd7 (14... Qxd7) 15. Rd1 (15. Qa4 Ne5 16. Bxd7+
Nxd7 $18) 15... Bd6 16. Qa4 O-O 17. Bxc6 Qe7 18. Bxa8 Rxa8 19. Nb5 Be5 20. Bd4
Bf4 21. g3 Bg5 22. Qc2 c5 23. Be5 f6 24. Bd6 Qd7 25. Nc3 Qc6 26. Qa4 Qb7 27.
Qc4 Kf7 28. Qa4 a6 29. Bxc5 b5 30. Qa5 1-0

[Event "OGD Prinsenstad-toernooi - C groep"]
[Site "Delft"]
[Date "2009.01.02"]
[Round "1.2"]
[White "Weerts, René"]
[Black "Van Heeren, Arie"]
[Result "0-1"]
[WhiteElo "1527"]
[BlackElo "1683"]
[PlyCount "92"]
[EventDate "2009.01.02"]
[EventType "swiss"]
[EventRounds "6"]
[EventCountry "NED"]
[Source "DSC"]
[SourceDate "2009.01.02"]

1. d4 Nf6 2. Nf3 d6 3. Bg5 Nbd7 4. Nbd2 c6 5. c3 Qc7 6. e3 e5 7. Bd3 Be7 8. Ne4
h6 9. dxe5 dxe5 10. Bxf6 Bxf6 11. Qc2 Be7 12. O-O-O f5 13. Nd6+ Bxd6 14. Bxf5
O-O 15. Nh4 Nc5 16. Bh7+ Kh8 17. Ng6+ Kxh7 18. Nxf8+ Kg8 19. Nh7 e4 20. Rd4
Kxh7 21. f3 Bf5 22. fxe4 Bg6 23. h4 Re8 24. Qd1 Nxe4 25. h5 Bf7 26. Rh4 Bd5 27.
c4 Bc5 28. Qg4 Bxd4 29. Qg6+ Kh8 30. Qxe8+ Bg8 31. Rxe4 Bf6 32. Qa8 Qg3 33. Kd1
Qxg2 34. Re8 Qf1+ 35. Kd2 Qxc4 36. Rxg8+ Qxg8 37. Qxb7 Qd5+ 38. Ke2 Qb5+ 39.
Qxb5 cxb5 40. b3 g6 41. hxg6 Kg7 42. Kf3 Kxg6 43. a4 bxa4 44. bxa4 Kf5 45. e4+
Ke5 46. Ke3 a5 0-1

[Event "OGD Prinsenstad-toernooi - C groep"]
[Site "Delft"]
[Date "2009.01.02"]
[Round "1.5"]
[White "Kuijper, Hans"]
[Black "Sutrisno, Agus"]
[Result "1-0"]
[WhiteElo "1572"]
[BlackElo "1499"]
[Annotator "Prinsenstad-toernooi"]
[PlyCount "39"]
[EventDate "2009.01.02"]
[EventType "swiss"]
[EventRounds "6"]
[EventCountry "NED"]
[Source "DSC"]
[SourceDate "2009.01.02"]

1. d4 Nf6 2. Nf3 d5 3. e3 e6 4. c4 b6 5. Be2 Bb7 6. O-O c5 7. Nc3 Bd6 8. cxd5
Nxd5 9. Nxd5 Bxd5 10. a3 O-O 11. dxc5 Bxc5 12. b4 Be7 13. Bb2 Nd7 14. Rc1 Rc8
15. Qd2 Rxc1 16. Rxc1 Qb8 17. e4 Bd6 18. exd5 Bf4 {
Hier stopt de notatie, maar wit blijft het stuk voor:} 19. Qc3 Nf6 20. Rc2 $18
1-0

[Event "OGD Prinsenstad-toernooi - C groep"]
[Site "Delft"]
[Date "2009.01.02"]
[Round "1.10"]
[White "Gerssen, Jeanet"]
[Black "Van der Beek, Simon"]
[Result "1-0"]
[WhiteElo "1354"]
[BlackElo "1560"]
[Annotator "Prinsenstad-toernooi"]
[PlyCount "71"]
[EventDate "2009.01.02"]
[EventType "swiss"]
[EventRounds "6"]
[EventCountry "NED"]
[Source "DSC"]
[SourceDate "2009.01.02"]

1. d4 Nf6 2. c4 c6 3. Nc3 d5 4. cxd5 Nxd5 5. e4 Nxc3 6. bxc3 Nd7 7. Nf3 e6 8.
Bc4 Be7 9. Bf4 O-O 10. O-O Nb6 11. Bb3 h6 12. Qe2 Bd6 13. e5 Be7 14. Rad1 Nd5
15. Bg3 $4 (15. Bd2 $16) 15... a5 $2 (15... Nxc3 16. Qd3 Nxd1 17. Rxd1 $19) 16.
c4 Nc7 17. Rfe1 a4 18. Bc2 b5 19. Qe4 g6 20. Nh4 Bxh4 21. Bxh4 Qd7 22. Bf6 bxc4
23. Bb1 Nd5 24. h4 Nxf6 25. exf6 Qd5 26. Qe3 Kh7 27. Be4 Qh5 28. g3 Bb7 29. Kg2
Rab8 30. Rh1 Ba6 31. Bf3 Qf5 32. h5 Rg8 $4 (32... Qxf6 33. hxg6+ Qxg6 34. Rh4
f5 35. Rdh1 Rf6) 33. hxg6+ Rxg6 34. Be4 $18 Rxg3+ 35. fxg3 Rb2+ 36. Kg1 1-0

[Event "OGD Prinsenstad-toernooi - C groep"]
[Site "Delft"]
[Date "2009.01.03"]
[Round "1.15"]
[White "Elisen, Peter"]
[Black "Mehnavian, Afshin"]
[Result "1-0"]
[WhiteElo "1531"]
[BlackElo "1600"]
[Annotator "Prinsenstad-toernooi"]
[PlyCount "49"]
[EventDate "2009.01.02"]
[EventType "swiss"]
[EventRounds "6"]
[EventCountry "NED"]
[Source "DSC"]
[SourceDate "2009.01.02"]

1. d4 d5 2. c4 e6 3. Nc3 Ne7 4. f3 g6 5. cxd5 Nxd5 6. e4 Nxc3 7. bxc3 c5 8.
Bb5+ Bd7 9. Bxd7+ Nxd7 10. Rb1 b6 11. Ne2 Qh4+ 12. Ng3 f5 13. exf5 gxf5 14. f4
Nf6 15. Qf3 Ne4 $2 (15... Rd8) 16. O-O Rg8 17. Nxe4 $1 fxe4 18. Qxe4 (18. Qxe4
-- 19. Qxa8+) (18. Qxe4 -- 19. Qxe6+) 18... Rxg2+ 19. Qxg2 Rc8 20. f5 e5 21.
Bg5 Qh5 22. Rbe1 Bd6 23. dxe5 Bb8 24. f6 Bc7 25. e6 1-0

[Event "OGD Prinsenstad-toernooi - C groep"]
[Site "Delft"]
[Date "2009.01.03"]
[Round "2.1"]
[White "Dirkse, Simon"]
[Black "Van der Meiden, Geurt Jan"]
[Result "1/2-1/2"]
[WhiteElo "1543"]
[BlackElo "1687"]
[Annotator "Prinsenstad-toernooi"]
[PlyCount "60"]
[EventDate "2009.01.02"]
[EventType "swiss"]
[EventRounds "6"]
[EventCountry "NED"]
[Source "DSC"]
[SourceDate "2009.01.02"]

1. d4 e6 2. c4 c5 3. e3 Nf6 4. Nf3 b6 5. Be2 Bb7 6. Nc3 cxd4 7. exd4 Bb4 8. a3
Bxc3+ 9. bxc3 Qc7 10. O-O O-O 11. Ne5 d6 12. Nd3 Nbd7 13. Nb2 Rac8 14. Qb3 d5
15. f3 Ba6 16. g4 dxc4 17. Qa4 Bb7 18. Bxc4 Bc6 19. Qc2 Qb7 20. Qe2 Rfe8 $2 (
20... b5 21. Bd3 $15) 21. Ba6 Qc7 22. Bxc8 Qxc8 $18 23. c4 Bb7 24. Bf4 $6 (24.
g5 $1 Nh5 25. f4 g6 $18) 24... Ba6 25. Rfe1 Rd8 26. Rac1 Nf8 27. Be5 N6d7 28.
Bg3 Nf6 29. Bh4 $2 (29. Qe3 $18) 29... Rxd4 30. Bxf6 gxf6 1/2-1/2

[Event "OGD Prinsenstad-toernooi - C groep"]
[Site "Delft"]
[Date "2009.01.03"]
[Round "2.2"]
[White "Van Heeren, Arie"]
[Black "Elisen, Peter"]
[Result "1-0"]
[WhiteElo "1683"]
[BlackElo "1531"]
[Annotator "Prinsenstad-toernooi"]
[PlyCount "35"]
[EventDate "2009.01.02"]
[EventType "swiss"]
[EventRounds "6"]
[EventCountry "NED"]
[Source "DSC"]
[SourceDate "2009.01.02"]

1. e4 d6 2. d4 Nd7 3. Nf3 c6 4. Nc3 Ngf6 5. Bc4 h6 6. e5 dxe5 7. dxe5 b5 8. Bb3
b4 9. Ne2 Ng4 {Diagram #} 10. e6 $5 (10. Qd4 $1 h5 11. Bxf7+ Kxf7 12. Qc4+ Ke8
13. Qxc6 Qb6 (13... -- 14. Qg6#) (13... -- 14. Qxa8) 14. Qxa8 Qxf2+ 15. Kd1 $18
) 10... fxe6 11. Bxe6 Ngf6 12. O-O Qb6 13. Nf4 Ba6 14. Re1 (14. Ng6 $1 Bxf1 15.
Nfe5 $3 Nxe5 16. Nxe5 Bc4 (16... -- 17. Bf7#) 17. Bd7+ Kd8 18. Bxc6+ Kc8 19.
Bxa8 $18) 14... Rd8 15. Be3 c5 16. Nd5 $1 Qc6 17. Nxf6+ Nxf6 18. Bf7+ (18. Bf7+
Kxf7 19. Qxd8 $18) 1-0

[Event "OGD Prinsenstad-toernooi - C groep"]
[Site "Delft"]
[Date "2009.01.03"]
[Round "2.3"]
[White "Lambrechts, Stan"]
[Black "Kuijper, Hans"]
[Result "1-0"]
[WhiteElo "1505"]
[BlackElo "1572"]
[PlyCount "105"]
[EventDate "2009.01.02"]
[EventType "swiss"]
[EventRounds "6"]
[EventCountry "NED"]
[Source "DSC"]
[SourceDate "2009.01.02"]

1. e4 e6 2. d4 d5 3. exd5 exd5 4. Nf3 Nf6 5. Bd3 Bd6 6. O-O O-O 7. Bg5 Bg4 8.
Re1 Nbd7 9. Nbd2 c6 10. c3 Qc7 11. Qc2 Rfe8 12. h3 Bh5 13. Bf5 Bg6 14. Bxg6
fxg6 15. Nf1 Ne4 16. Be3 Bf4 17. N3d2 Ndf6 18. Re2 Bxe3 19. Nxe3 Nxd2 20. Qxd2
Ne4 21. Qc2 Qf7 22. Rae1 Rad8 23. Ng4 Nf6 24. Ne5 Qc7 25. Qd3 Ne4 26. f3 Ng3
27. Re3 Nf5 28. R3e2 Ng3 29. Rd2 Nf5 30. Kf2 Nd6 31. Rde2 Nf5 32. Qd2 Nd6 33.
Qg5 Qe7 34. Qf4 Qf6 35. Nd3 Rxe2+ 36. Rxe2 Qxf4 37. Nxf4 Kf7 38. Ne6 Rd7 39.
Nc5 Rc7 40. Ne6 Rd7 41. g3 h6 42. g4 b6 43. Nf4 Nc4 44. Nd3 Rc7 45. Ne5+ Nxe5
46. dxe5 Ke6 47. Kg3 Rd7 48. f4 Re7 49. Kf3 Kf7 50. f5 g5 51. e6+ Kf6 52. Rf2
Rc7 53. Ke3 1-0